| 000 | 01870nam a22003257a 4500 | ||
|---|---|---|---|
| 005 | 20250220100401.0 | ||
| 008 | 250220b ||||| |||| 00| 0 eng d | ||
| 020 | _a9780198712558 | ||
| 020 | _a9780198795360 | ||
| 040 |
_aCO-BoUCM _cDavid Moreno _dDavid Moreno |
||
| 041 | _aeng | ||
| 245 | 1 | 0 |
_aGenetics _bgenes, genomes, and evolution _cPhilip Meneely, Rachel Dawes Hoang, Iruka N. Okeke …[and another]. |
| 250 | _a1a.Ed | ||
| 260 |
_aOxford _bOxford University Press _c2017 |
||
| 300 |
_axx, 749 Paginas _bilustraciones |
||
| 504 | _aIncluye referencias bibliográficas e índices | ||
| 505 | _rEvolution, genomes, and genetics -- The central dogma of molecular biology -- Genome structure, organization, and variation -- Descent with modification: continuity and variation in the genome -- The inheritance of single-gene traits -- The cellular basis for Mendelian genetics -- X-linked genes and sex chromosomes -- The inheritance of multiple genes -- The locations of genes on chromosomes: linkage and genetic maps -- Human genetic mapping, genome-wide association studies, and complex traits -- Exchange and evolution -- Transcription: reading and expressing genes -- Translation; from nucleic acids to amino acids -- Networks of gene regulation -- Genetic analysis of cellular processes -- The genetics of populations -- Metagenomes: genome analysis of communities. | ||
| 650 | 1 | 4 |
_aFenómenos genéticos _986604 |
| 650 | 1 | 4 |
_aGenómica comparativa _916329 |
| 650 | 1 | 4 |
_aGenética _9207 |
| 650 | 1 | 4 |
_aGenomas _916328 |
| 650 | 1 | 4 |
_aEvolución _915359 |
| 653 | _aBiología molecular | ||
| 653 | _aIngeniería genética | ||
| 700 | 1 |
_aHoang, Rachel Dawes _9184701 |
|
| 700 | 1 |
_aOkeke, Iruka N. _d1970- _9184702 |
|
| 700 | 1 |
_aHeston, Katherine _9184703 |
|
| 942 |
_2DEWEY _a14 _cLIBRO _e1 _h576.5 _mM541g _n0 |
||
| 999 |
_c325255 _d325255 |
||